| 000 | 00465nam a2200157 i 4500 | ||
|---|---|---|---|
| 001 | 148618 | ||
| 003 | ES-MaACL | ||
| 005 | 20230906202729.0 | ||
| 007 | t| | ||
| 008 | 070214s1930 it r ||||1| ita d | ||
| 245 | 0 | 0 | _aStudi in honore di Pietro Bonfante nel XL anno d'insegnamento. |
| 260 |
_aMilano : _bFratelli Treves, _c1930 ( _ePavia : _fFusi) |
||
| 300 |
_a4 v. : _b1 retr. ; _c27 cm. |
||
| 700 | 1 |
_aBonfante, Pietro. _930148 |
|
| 852 |
_aES-MaACL _jA-1730-33 |
||
| 999 |
_c148618 _d148618 |
||